000 00790nam a2200289Ia 4500
005 20250425162227.0
008 250425s9999 xx 000 0 und d
020 _a9284405017
041 _aspa
043 _asp
082 _a338.4791
_pORG
110 _aOrganización Mundial del Turismo
245 0 _aEl mercado español de ecoturismo
250 _aPrimera edición
260 _aMADRID
260 _aMadrid
_bOrganización Mundial del Turismo
_c2002
300 _a141 páginas
_bilustraciones
_c29 cm.
500 _aIncluye anexos
650 _aEcoturismo
650 _aMercado Ecoturístico
650 _aTurismo
650 _aTurismo en España
710 _aORGANIZACION MUNDIAL DEL TURISMO
902 _aMonográfico
_cImpreso
942 _c01
010 _a57936
999 _c224928
_d224928